| 000 | 005010000a22001810004500 | ||
|---|---|---|---|
| 003 | LK-CoMWRAF | ||
| 005 | 20231022125313.0 | ||
| 008 | 230817t ||||| |||| 00| 0 eng d | ||
| 040 |
_aLK-CoMWRAF _dLK-CoMWRAF _eLK-CoMWRAF |
||
| 041 | _aeng | ||
| 082 |
_a297.551 _bQUR |
||
| 100 | _aQureshi, Muhammad Saddique | ||
| 245 | _aThe Role of mosque in Islam | ||
| 260 |
_aDelhi (India) : _bInternational Islamic publishers (S.M.Shahid), _c1990 |
||
| 300 | _a196p | ||
| 650 | _aIslam--Mosque | ||
| 942 | _cBK | ||
| 999 |
_c1564 _d1564 |
||